Stručné dějiny pedagogiky

Bibliographic Details
Main Authors: Jůva, Vladimír, 1925-2005 (Author), Jůva, Vladimír, 1958- (Author)
Format: Book
Language:Czech
PhysicalDescription:91 s. portr., tab. 23 cm
Published: Brno Paido 2003
ISBN:807315062X
Edition:5. rozš. vyd.
Subjects:

MARC

LEADER 00000cam a2200000 a 4500
001 vtls008287975
003 SK-MaSNL
005 20260301164355.0
008 240314s2003 xr cl g 001 0 cze
020 |a 807315062X  |q (brož.) 
035 |a SVKPOKN099454 
040 |a SNK  |b slo  |c SNK  |e AACR2 
041 0 |a cze 
044 |a xr  |c CZ 
072 7 |a 37  |x Výchova a vzdelávanie  |2 konspekt 
080 |a 37.01(091)  |2 2001 
080 |a (048.8)  |2 2001 
100 1 |a Jůva, Vladimír,  |d 1925-2005  |4 aut  |9 207873 
245 1 0 |a Stručné dějiny pedagogiky  |c Vladimír Jůva sen. & jun. 
250 |a 5. rozš. vyd. 
260 |a Brno  |b Paido  |c 2003 
300 |a 91 s.  |b portr., tab.  |c 23 cm 
504 |a Obsahuje bibliogr. 
650 0 7 |a dejiny pedagogiky  |2 SNKPH  |9 71333 
650 0 7 |a History of educational science  |2 SNKPHeng  |9 339914 
655 7 |a prehľady  |2 SNKPH  |9 70194 
655 7 |a Surveys  |2 SNKPHeng  |9 266058 
700 1 |a Jůva, Vladimír,  |d 1958-  |4 aut  |9 98478 
919 |a 80-7315-062-X 
999 |c 820404  |d 822334 
952 |t snkJUV 37(091)  |a SNKUST  |b SNKUST  |y PREZ  |7 0  |p 17A0535175  |o snkIC 134464  |i snk2007/2578  |8 4  |g 3.49  |0 0  |1 0  |4 0  |d 2006-10-24  |l 0  |r 2025-04-29 00:00:00  |w 2026-02-24